| 000 | 00532 a2200169 4500 | ||
|---|---|---|---|
| 999 |
_c5519 _d5519 |
||
| 020 | _a9780904748185 | ||
| 050 | _aRA 407 MAS 1983 | ||
| 245 |
_aAguide to family health / _cedited by D. N Marshall, Lionel Acton-Hubbard and Doreen Bull |
||
| 264 |
_aEngland: _bThe Stanborough Press, _c1983 |
||
| 300 |
_a192p. : _bill. |
||
| 500 | _aIncludes index | ||
| 650 |
_aHealth _xFamily |
||
| 700 |
_aActon-Hubbard, Lionel _eEditor |
||
| 700 |
_aMarshall, D. N _eEditor |
||
| 700 |
_aBull, Doreen _eEditor |
||
| 942 |
_2lcc _cBK _h407 _iMAS _kRA |
||